Statistiques concernant Équipe de France à la Coupe du monde 2014

Cliquez ici pour prendre le quiz!

Statistiques générales

  • Ce quiz a été pris 19 142 fois
  • Le résultat moyen est 14 sur 24

Statistiques - réponses

PJoueur% Correct
GHugo Lloris
97%
AKarim Benzema
91%
AAntoine Griezmann
89%
MPaul Pogba
88%
SélectionneurDidier Deschamps
84%
AOlivier Giroud
84%
DRaphaël Varane
83%
MBlaise Matuidi
76%
AMathieu Valbuena
70%
DPatrice Évra
69%
DLaurent Koscielny
59%
GStéphane Ruffier
58%
DBacary Sagna
57%
DMamadou Sakho
53%
MYohan Cabaye
53%
MMoussa Sissoko
49%
DMathieu Debuchy
45%
DLucas Digne
44%
GMickaël Landreau
36%
MMorgan Schneiderlin
31%
DEliaquim Mangala
26%
ALoïc Rémy
24%
ARémy Cabella
23%
MRio Mavuba
18%

Distribution des résultats

Percentile par nombre de réponses

% des personnes avec chaque résultat

Votre développement - résultats

Vous n’avez pas pris ce quiz